00607 2200193 4500001002100000005001500021035002000036245016700056100002300223250000600246300003200252700002700284260003400311082001000345084001600355020000600371600001900377990001700396INLIS00000000000175320241211105956 a0010-12240000031 aThe Learning Game :bMendidik Anak Agar Berfikir Mandiri, Berani Mengahadapi Tantangan dan Cinta Belajar /cAna Lorena Fabrega; Penerjemah, Mohammad Sidik Nugraha0 aAna Lorena Fabrega a- a276 hlm. :bilus. ;c21 cm.0 aMohammad Sidik Nugraha aJakarta :bNoura Books,c2024 a371.3 a371.3 ANA t a- 4aMetode Belajar a05343/P/2024